| 000 | 00416nam a2200157Ia 4500 | ||
|---|---|---|---|
| 008 | 240729s9999 xx 000 0 und d | ||
| 022 | _a2091-0320 | ||
| 245 | 0 | _aNepalese Journal of Ophthalmology | |
| 260 | _aNepal | ||
| 260 | _bNepal Ophthalmic Society | ||
| 650 | _a Ophthalmology | ||
| 650 | _aMedicine | ||
| 856 | _uhttps://doaj.org/toc/8430910c29e84bf8b56e29c789c9af3c | ||
| 942 | _2ddc | ||
| 942 | _cDOAJEJ | ||
| 999 |
_c68191 _d68191 |
||
| 945 |
_a1 _bMadushi Gamage _c1 _dMadushi Gamage |
||